Χρήση υπολογιστή και διαχείριση αρχείων : ελληνικά Windows Me, ενότητα 2 /

Saved in:
Bibliographic Details
Main Author: Γουλτίδης, Χρήστος Γ.
Format: Book
Language:Greek
Published: Αθήνα : Κλειδάριθμος, c2001.
Subjects:
Tags: Add Tag
No Tags, Be the first to tag this record!

MARC

LEADER 00000cam a2200000 i 4500
001 1/43250
008 031026s2001 gr | ||| |||| ||gre||
020 |a 9602094524 
035 |l 10071318 
040 |a GR-MyUa  |b gre  |e AACR2 
041 0 |a gre 
082 7 |a 005.4469   |2 (22) 
100 1 |a Γουλτίδης, Χρήστος Γ. 
245 1 0 |a Χρήση υπολογιστή και διαχείριση αρχείων :   |b ελληνικά Windows Me,   |p ενότητα 2 /   |c Γουλτίδης Χρήστος.  
260 |a Αθήνα :   |b Κλειδάριθμος,   |c c2001.  
300 |a 231 σ. ;   |c 24 εκ. +   |e 1 οπτικός δίσκος λέιζερ Η/Υ (1 4/3 ιν.) 
630 0 0 |a Microsoft Windows (Computer file) 
630 0 0 |a European Computer Driving Licence. 
650 0 |a File processing (Computer science) 
650 0 |a Electronic data processing personnel  |x Certification  |z Europe. 
774 1 |t Οδηγός επιτυχίας για το δίπλωμα ECDL 3.0 = European Computer Driving Licence 
852 |a INST  |b LESVOS  |e 20031026  |h 005.4469 ΓΟΥ  |p 005100024830  |q 005100024830  |t BK  |y 0 
852 |a INST  |b LESVOS  |e 20031029  |h 005.4469 ΓΟΥ   |p 005100024829  |q 005100024829  |t BK  |y 0 
901 |a BIBL1-2003-3 
922 |a 1ΕΛΗ  |b 200206  |c ΤΑΚ/ΚΥΒ  |d ΠΑΠΑΣΩΤΗΡΙΟΥ 
950 |a 023-2002-06-010 
970 |a ΤΖΑΦΕΡΗ  |b ΕΥΑΓΓΕΛΙΑ  |z 2003/10/